000 00308nam a2200121Ia 4500
008 220204s9999 xx 000 0 und d
082 _a93/99
_bBRA
245 0 _aMilestones of history.1.Ancient empires
260 _aNew York
_bNewsweek
_c1970
505 _aSet price
700 _aBrandon, S G G
942 _cBK
999 _c35997
_d35997